00746nam a2200181 a 4500008004100000020001800041050001800059100002100077245008600098260003200184300002200216650003100238650003000269700002000299995009400319999001700413952013400430130430s2009 ||||||||||||||||| || u a9780325018263 aLB 1050.5 Pin aFountas, Irene C10aWhen readers struggle: teaching that workscby Gay Su Pinnel and Irene C. Fountas aPortsmouth:bHeinemanc2009 axiv, 577p. : ill. aREADING--REMEDIAL TEACHING aREADING (EARLY CHILDHOOD) aPinnell, Gay Su FCBU-MAIN LIBRARY (Kitwe)M1UAVAILABLEWJun 10, 2013ZMain Library Open Access Collection c61681d61681 00102lcc4070a001b001cMain Library Open Access Collectiond2022-11-30l0oLB 1050.5 Pinp743899r2022-11-30w2022-11-30y002